La bolsa de Madrid (Record no. 35217)

MARC details
000 -LEADER
campo de control de longitud fija 00506nam a2200169 i 4500
001 - NÚMERO DE CONTROL
campo de control 35217
003 - IDENTIFICADOR DE NÚMERO DE CONTROL
campo de control ES-MaACL
005 - FECHA Y HORA DE LA ÚLTIMA TRANSACCIÓN
campo de control 20250901092419.0
007 - CAMPO FIJO DE DESCRIPCIÓN FÍSICA--INFORMACIÓN GENERAL
campo de control de longitud fija t|
008 - DATOS DE LONGITUD FIJA--INFORMACIÓN GENERAL
campo de control de longitud fija 030212s1969 sp ||||1| spa d
245 03 - MENCIÓN DEL TÍTULO
Título La bolsa de Madrid
Resto del título : 1968.
260 ## - PUBLICACIÓN, DISTRIBUCIÓN, ETC.
Lugar de publicación, distribución, etc. Madrid :
Nombre del editor, distribuidor, etc. Banco General del Comercio y la Industria,
Fecha de publicación, distribución, etc. [1969]
300 ## - DESCRIPCIÓN FÍSICA
Extensión 122p. :
Otras características físicas 5 gráf. pleg. ;
Dimensiones 24 cm.
710 2# - ENTRADA AGREGADA--NOMBRE DE ENTIDAD CORPORATIVA
Nombre de entidad corporativa o nombre de jurisdicción como elemento de entrada Banco General del Comercio y la Industria
9 (RLIN) 2124
852 ## - LOCALIZACIÓN
Ubicación ES-MaACL
Número de control de estantería C-46733
Sublocalización o colección R.68927
Holdings
Estatus retirado Estado de pérdida Estado de daño No para préstamo Biblioteca de origen Biblioteca actual Ubicación en estantería Fecha de adquisición Fuente de adquisición Total de préstamos Signatura topográfica completa Código de barras Visto por última vez Precio de reemplazo Tipo de ítem Koha
        Biblioteca del Ateneo de Madrid Biblioteca del Ateneo de Madrid Depósito 2 17/01/2008     C-46733 1036844 23/02/2023 23/02/2023 Libro impreso